000 01823 a2200217 4500
001 55711
005 20260407155829.0
008 260407a1988 arg spa d
003 AR-UNSa-BCEJYS
040 _aAR-UNSa-BCEJYS
_bspa
_cAR-UNSa-BCEJYS
080 _a342.25
_xCentralización y descentralización. Autonomía regional. Transferencia de poderes. Autonomía local (Home rule). Órganos locales del gobierno central
245 1 0 _aLas autonomias territoriales y el principio de uniformidad de las condiciones de vida
020 _a84-7088-462-X
264 1 _aMadrid :
_bInstituto Nacional de Administración Pública (INAP)
_c1988
300 _a360 p.
_c21 cm.
505 _aIntroducción – Titulo Primero: La uniformidad de condiciones de vida en la república federal alemana: 1. La uniformidad de las condiciones de vida en el constitucionalismo alemán – 2. Las manifestaciones de la uniformidad de las condiciones de vida en la “Grundgestz” – 3. Perspectivas y límites de la uniformidad de condiciones de vida en el moderno federalismo – Titilo II: El principio de uniformidad de las condiciones de vida en el estado de las autonomías – 1. Los caracteres del estado de las autonomías – 2. Delimitaciones del principio de uniformidad de las condiciones de vida en la constitución española – 3. Las reglas constitucionales determinantes de una uniformidad fundamental – 4. Desarrollo del principio de uniformidad de las condiciones de vida en la Constitución – 5. El principio de uniformidad de las condiciones de vida en la financiación de las comunidades autónomas – 4. La aplicación de la uniformidad de condiciones de vida por el tribunal constitucional
041 _aspa
942 _cBK
590 _aniveau_biblio:m niveau_hierar:0
100 1 _aBaño Leon, José María
999 _c5976
_d5976